000 00384pam a2200169a 44500
008 230405s1999 xxu||||| |||| 00| 0 eng d
041 _aENG
100 _aVASANDANI V.P
245 _aHEAT ENGINEERING
250 _a1999
260 _aNEW DELHI
_bMETROPOLITAN BOOK
_c1999
300 _aP.B, MISE PAGE
650 _aMECH
690 _aMECH
700 _aKUMAR D.G
906 _a707
999 _c814902
_d814902